| 000 | 00716nam a2200229 a 4500 | ||
|---|---|---|---|
| 005 | 20210219152939.0 | ||
| 008 | 991125n 000 0 u | ||
| 035 | _aUPN01000068256 | ||
| 100 | _aFu, Hungling | ||
| 222 | _aHIGHER EDUCATION | ||
| 245 | _aA comparative study of planning capability and capacity in chinese and western higher education institutions. A case study : applying the strategic planning concept | ||
| 300 | _a371-384 | ||
| 362 | _a22, No. 4, 1991 | ||
| 505 | _aMayo 1992 | ||
| 653 | 0 | _aORGANIZACION ADMINISTRATIVA | |
| 653 | 0 | _aPLANEACION EDUCATIVA | |
| 653 | 0 | _aRECURSOS HUMANOS | |
| 653 | 0 | _aTECNOLOGIA | |
| 653 | 0 | _aTNER DECISION | |
| 904 |
_aAC _b006067 |
||
| 905 | _aArticulo | ||
| 999 |
_c64453 _d64453 |
||